<?xml version='1.0' encoding='UTF-8'?><?xml-stylesheet href='static/style.xsl' type='text/xsl'?><OAI-PMH xmlns="http://www.openarchives.org/OAI/2.0/" xmlns:xsi="http://www.w3.org/2001/XMLSchema-instance" xsi:schemaLocation="http://www.openarchives.org/OAI/2.0/ http://www.openarchives.org/OAI/2.0/OAI-PMH.xsd"><responseDate>2026-05-01T11:24:42Z</responseDate><request verb="GetRecord" identifier="oai:ebiltegia.mondragon.edu:20.500.11984/1484" metadataPrefix="marc">https://ebiltegia.mondragon.edu/oai/request</request><GetRecord><record><header><identifier>oai:ebiltegia.mondragon.edu:20.500.11984/1484</identifier><datestamp>2024-03-04T16:53:14Z</datestamp><setSpec>com_20.500.11984_473</setSpec><setSpec>col_20.500.11984_478</setSpec></header><metadata><record xmlns="http://www.loc.gov/MARC21/slim" xmlns:dcterms="http://purl.org/dc/terms/" xmlns:xsi="http://www.w3.org/2001/XMLSchema-instance" xmlns:doc="http://www.lyncode.com/xoai" xsi:schemaLocation="http://www.loc.gov/MARC21/slim http://www.loc.gov/standards/marcxml/schema/MARC21slim.xsd">
   <leader>00925njm 22002777a 4500</leader>
   <datafield ind2=" " ind1=" " tag="042">
      <subfield code="a">dc</subfield>
   </datafield>
   <datafield ind2=" " ind1=" " tag="720">
      <subfield code="a">Izquierdo Ortiz de Landaluce, Mikel</subfield>
      <subfield code="e">author</subfield>
   </datafield>
   <datafield ind2=" " ind1=" " tag="720">
      <subfield code="a">Ulacia, Ibai</subfield>
      <subfield code="e">author</subfield>
   </datafield>
   <datafield ind2=" " ind1=" " tag="720">
      <subfield code="a">Gallego, Ivan</subfield>
      <subfield code="e">author</subfield>
   </datafield>
   <datafield ind2=" " ind1=" " tag="720">
      <subfield code="a">Eraña Larrañaga, Iñigo</subfield>
      <subfield code="e">author</subfield>
   </datafield>
   <datafield ind2=" " ind1=" " tag="260">
      <subfield code="c">2018</subfield>
   </datafield>
   <datafield ind2=" " ind1=" " tag="520">
      <subfield code="a">Debido a las dimensiones de los vehículos actuales, la baja tasa de ocupación de los mismos y el aumento de la población mundial, los fabricantes de vehículos están desarrollando diseños compactos orientados a la movilidad personal (1-2 personas). Además de la reducción de espacio es requisito indispensable mantener unos valores mínimos de confort y seguridad en el vehículo. Es por ello, por lo que el presente trabajo pretende desarrollar, fabricar y testear un mecanismo de ancho de vía variable para un vehículo de tres ruedas (2 delante y 1 detrás). De esta forma, dicho mecanismo permitirá al usuario aparcar en un tercio del espacio requerido por un vehículo convencional. En primer lugar, se muestra el desarrollo del mecanismo de variación de ancho de vía del eje delantero del vehículo incluyendo suspensiones y dirección. Para asegurar el correcto funcionamiento de todos los componentes diseñados, se ha desarrollado un modelo multi-cuerpo (MBS) del vehículo de tres ruedas. En el mismo, se ha definido un caso de carga crítico para la obtención de cargas transmitidas desde el neumático hasta el chasis del vehículo. Debido a la iteración necesaria entre el mecanismo de ancho de vía y el vehículo, se ha definido una lógica de control para el mecanismo, el cual controla de forma instantánea el ancho de vía del vehículo en función de la velocidad y aceleración del vehículo. Para poder testear todos los componentes desarrollados, se ha empleado un banco de suspensiones de cuarto de vehículo, donde han sido testeadas las suspensiones, y una estructura diseñada específicamente para el testeo del mecanismo de ancho de vía, donde se han mantenido las mismas condiciones de contorno y carga que en el vehículo en cuestión.</subfield>
   </datafield>
   <datafield ind1="8" ind2=" " tag="024">
      <subfield code="a">0212-5072</subfield>
   </datafield>
   <datafield ind1="8" ind2=" " tag="024">
      <subfield code="a">https://katalogoa.mondragon.edu/janium-bin/janium_login_opac.pl?find&amp;ficha_no=153270</subfield>
   </datafield>
   <datafield ind1="8" ind2=" " tag="024">
      <subfield code="a">https://hdl.handle.net/20.500.11984/1484</subfield>
   </datafield>
   <datafield ind2="0" ind1="0" tag="245">
      <subfield code="a">Mecanismo de ancho de vía variable para vehículo eléctrico urbano de tres ruedas</subfield>
   </datafield>
</record></metadata></record></GetRecord></OAI-PMH>